Detalles MARC
| 000 -LIDER |
| fixed length control field |
02875nam a2200265 a 4500 |
| 001 - NÚMERO DE CONTROL |
| Identificador de número de control |
|
| 003 - IDENTIFICACDOR DE NÚMERO DE CONTROL |
| control field |
DO-SdBNP |
| 005 - DATE AND TIME OF LATEST TRANSACTION |
| control field |
20210811091013.0 |
| 008 - ELEMENTOS DE LONGITUD FIJA |
| fixed length control field |
091202t1984 dr 001 e spa d |
| 040 ## - FUENTE DE CATALOGACIÓN |
| Agencia que crea de manera original el registro |
DO-SdBNP |
| Idioma de catalogación |
spa |
| Agencia que realiza la transcripción |
BPMSU |
| 049 ## - LOCAL HOLDINGS (OCLC) |
| Holding library |
|
| 082 ## - NÚMERO DE CLASIFICACIÓN DECIMAL DE DEWEY |
| Classification number |
RD864.44 |
| Item number |
H519f 1984 |
| Edition number |
22 |
| 100 1# - ASIENTO PRINCIPAL -- NOMBRE PERSONAL |
| Nombre personal |
Henríquez Gratereaux, Federico, |
| Fechas asociadas con el nombre |
1937- |
| 245 13 - MENCIÓN DE TITULO |
| Título |
La feria de las ideas / |
| Mención de responsabilidad |
Federico Henríquez Gratereaux. |
| 260 ## - PUBLICACIÓN, DISTRIBUCIÓN, ETC. (PIE DE IMPRENTA) |
| Lugar de publicación, distribución, etc |
Santo Domingo : |
| Nombre del editor, distribuidor, etc. |
Secretaría de Estado de Educación, Bellas Artes y Cultos, |
| Fecha de publicación, distribución, etc |
1984. |
| 300 ## - DESCRIPCIÓN FÍSICA |
| Extensión |
254 p. ; |
| Dimensiones |
20 cm. |
| 505 0# - NOTA DE CONTENIDO |
| Título |
El caso de algunos escritos cortos -- |
| -- |
Tertulias iterarias y de las otras -- |
| -- |
La gimnasia del escribano -- |
| -- |
Entre dos fuegos -- |
| -- |
Crítica de la crítica -- |
| -- |
Esperpento -- |
| -- |
Guerra a la expresión petrificada -- |
| -- |
Veinte años después de la muerte de Ortega -- |
| -- |
De la visión española del mundo -- |
| -- |
Los grandes brincos estéticos-- |
| -- |
La entretela de nuestras de nuestras ideas -- |
| -- |
!Filosofía en el periódico! -- |
| -- |
Críticos, criticones, criticastro -- |
| -- |
Lomas antillanas con pensamiento de Machado -- |
| -- |
Sacarle la lengua al lenguaje -- |
| -- |
Coro de sapos -- |
| -- |
Charla de viejos -- |
| -- |
Los intelectuales brutos -- |
| -- |
El sigiloso cambio de la novela -- |
| -- |
La feria de las ideas -- |
| -- |
Venir del mono y hacer el Mono -- |
| -- |
El ombligo olímpico de Rubén Darío -- |
| -- |
El diablo y la historia con Dios a cuentas -- |
| -- |
Andrajos intelectuales -- |
| -- |
En el país de los ciegos ningún tuerto es rey -- |
| -- |
Los poetas descubren el mercado -- |
| -- |
Ideología y desinfectante -- |
| -- |
Ideología y desinfectante (cambios económicos en Rusia) -- |
| -- |
El sembrador de voces -- |
| -- |
"De incomprensibles verdades sostenido" -- |
| -- |
La marcha que conduce al Guijarro -- |
| -- |
Rebanadas de escritura -- |
| -- |
Podar el árbor de la patria -- |
| -- |
En el lomo poético del potro del Compadre Mon -- |
| -- |
Concho Primo salvado de la muerte -- |
| -- |
Cárcel, comisario y juez -- |
| -- |
Muerte y transfiguración de Concho Primo -- |
| -- |
El Masacre bajo la lupa -- |
| -- |
Los malos salvajes -- |
| -- |
Multiloquio americanista -- |
| -- |
Sustantivos y adjetivos |
| -- |
Piltrafas de libertad -- |
| 505 0# - NOTA DE CONTENIDO |
| Título |
Hombres, mujeres y bichos -- |
| -- |
Mujer persona femenina hembra -- |
| -- |
!Cristo viene en autobús! -- |
| -- |
El diablo sigue siendo noticia -- |
| -- |
La sexualidad como consumo -- |
| -- |
Cómo sacar el tuétano al padrino -- |
| -- |
Las mujeres blasfemias de todos los tiempos -- |
| -- |
La inocencia, la experiencia y la locura -- |
| -- |
Especialistas, economistas, literatos, humanistas -- |
| -- |
El prestigio de la nada -- |
| -- |
El hombre como animal mitogénico -- |
| -- |
Mito, tradición y leyenda -- |
| -- |
Poetas y filosofos se tiran de las greñas -- |
| -- |
Orwell y nuestro siglo de sociolatría -- |
| -- |
Afueristas y adentristas -- |
| -- |
Odiseo, Sancho y José Arcadio se reúnen -- |
| -- |
Borges. |
| 586 ## - AWARDS NOTE |
| Awards note |
Premio Nacional de Ensayo, Pedro Henríquez Ureña, 1980 |
| 590 ## - NOTA LOCAL |
| Enlace |
Inventariado, 2021/VM |
| 650 #4 - ENCABEZAMIENTO DE MATERIA--TEMÁTICO |
| Término temático o nombre geográfico como elemento de entrada |
Ensayos dominicanos |
| 650 #0 - ENCABEZAMIENTO DE MATERIA--TEMÁTICO |
| Término temático o nombre geográfico como elemento de entrada |
Literatura dominicana. |
| 910 ## - VALIDACIÓN |
| Validación |
VMateo V. |
| 942 ## - ADDED ENTRY ELEMENTS (KOHA) |
| Source of classification or shelving scheme |
Dewey Decimal Classification |
| Koha item type |
Libros |